000 00858nam a22002537a 4500
005 20240530111000.0
008 150520s2008 ua g b 000 0 ara d
020 _a9772326159
040 _aEG-CaGPL
082 0 4 _221
_a370.7 /
_bا ص
100 0 _aالسيد عبدالحميد سليمان السيد
245 1 0 _aصعوبات التعلم النمائية /
_cتاليف السيد عبدالحميد سليمان السيد
250 _aط1
260 _aالقاهرة :
_bعالم الكتب،
_c2008 .
300 _a424 ص ؛
_c24 سم .
650 0 4 _aصعوبات التعلم
650 0 4 _aالادراك الحسى
650 0 4 _aالتفكير
650 0 4 _aالقراءة
650 0 4 _aالكتابة
650 0 4 _aالقراءة
_xصعوبات التعلم
942 _2ddc
_cBK
999 _c67166
_d67166